Central Library OPAC University of Rajshahi

التوحيد والشرك في القران الكريم altawhid walshirk fi alquran alkarim / (Record no. 81232)

MARC details
000 -LEADER
fixed length control field 00699nam a2200205 4500
001 - CONTROL NUMBER
control field 81232
003 - CONTROL NUMBER IDENTIFIER
rucl marc code BD-RjUL
005 - DATE AND TIME OF LATEST TRANSACTION
control field 20231224154355.0
008 - FIXED-LENGTH DATA ELEMENTS--GENERAL INFORMATION
fixed length control field 230215s1405 u ||||| |||| 00| 0 ara d
035 ## - SYSTEM CONTROL NUMBER
System control number (BD-RjUL)81232
040 ## - CATALOGING SOURCE
Original cataloging agency BD-RjUL
Language of cataloging eng
Transcribing agency BD-RjUL
041 ## - LANGUAGE CODE
Language code of text/sound track or separate title ara
082 ## - DEWEY DECIMAL CLASSIFICATION NUMBER
Edition number 23
Classification number 297.12209
Author mark and year SUT 1405
100 ## - MAIN ENTRY--PERSONAL NAME
Personal name Subhani, Sheikh Jaafar السبحاني, الشيخ جعفر
9 (RLIN) 6998
245 14 - TITLE STATEMENT
Title التوحيد والشرك في القران الكريم altawhid walshirk fi alquran alkarim /
Statement of responsibility, etc. Sheikh Jaafar Al-Sobhani لشيخ جعفر السبحاني
300 ## - PHYSICAL DESCRIPTION
Pagination 219.p. ;
Size 23 cm
650 ## - SUBJECT ADDED ENTRY--TOPICAL TERM
Topical term or geographic name as entry element Tawhid
Form subdivision Islam
9 (RLIN) 6999
Topical term or geographic name as entry element Shirk
Form subdivision Islam
9 (RLIN) 7000
942 ## - ADDED ENTRY ELEMENTS (KOHA)
Source of classification or shelving scheme Dewey Decimal Classification
Koha item type Books
Holdings
Lost status Source of classification or shelving scheme Damaged status Not for loan Collection code Permanent Location Current Location Shelving location Date acquired Source of acquisition Full call number Date last seen Copy number Koha item type Total Checkouts
  Dewey Decimal Classification   Not For Loan Non-fiction Central Library, University of Rajshahi Central Library, University of Rajshahi Reading Room 20/01/1996 Cultural Centre of the Islamic Republic of Iran, Dhaka Bangladesh A 297.12209 SUT 1405 15/02/2023 C-1 Books  
  Dewey Decimal Classification     Non-fiction Central Library, University of Rajshahi Central Library, University of Rajshahi General Stacks   Cultural Centre of the Islamic Republic of Iran, Dhaka Bangladesh A 297.12209 SUT 1405 24/12/2023 C-2 Books